Visualizzazione normale
Vista MARC
- Strauss Johann Sr
di Personal Name
Records bibliografici associati: 1
001 - CONTROL NUMBER
- control field: 22121
003 - CONTROL NUMBER IDENTIFIER
- control field: IT-RoPau
005 - DATE AND TIME OF LATEST TRANSACTION
- control field: 20140426153326.0
008 - FIXED-LENGTH DATA ELEMENTS
- fixed length control field: 140426|| aca||aabn | a|a d
040 ## - CATALOGING SOURCE
- Original cataloging agency: IT-RoPau
- Transcribing agency: IT-RoPau
100 ## - HEADING--PERSONAL NAME
- Personal name: Strauss Johann Sr
- Dates associated with a name: Codice autore musica SPICS: 10080
- Relator term: Autore musica
- Name of part/section of a work: Marcia di Radetzky
670 ## - SOURCE DATA FOUND
- Source citation: Work cat.: (IT-RoPau)103418: AA.VV. 794, Festival di musica classico-leggera, vol. 08